01615nam a2200409 i 450000500170000000700030001700800410002002000180006104000350007904100080011408200230012224502050014525000220035026400430037230000410041533600270045633700330048333800280051652100380054465000580058265000460064065000380068665000430072470000330076770000410080070000400084170000360088170000330091770000360095070000320098670000280101870000390104670000280108570000290111370000320114270000310117420220317001947.0ta210818s2019 ck a er 000 0 spa d a9789585602373 aCO-BoRNBPbspaerdacCO-BoRNBP0 aspa04a398.9861 bC6622200aCorazón coplerobuna reedición de El coplero campesino de Acción Cultural Popular (ACPO) y Radio Sutatenzactextos Astrid Ávila ... [y otros seis] ; dibujos Daniela Orrego ... [y otros cinco] aSegunda edición 1aBogotábLa Jaula Publicacionesc2019 a158 páginasbilustraciones c18 cm 2rdacontentatextobtxt 2rdamediaasin mediaciónbn 2rdacarrieravolumenbnc aRecomendado para público adulto17aCampesinosxVida social y costumbreszColombia 2LEMB17aCanciones folclóricas colombianas2LEMB17aFolclor campesinozColombia2LEMB17aPoesía colombianaxColecciones2LEMB1 aOrrego, Danielaeilustradora1 aMoreno, Raquel Sofía eilustradora1 aRosillo, Juan Sebastianeilustrador1 aHernández, Manueleilustrador1 aCarulla, Helenaeilustradora1 aSánchez, Martíneilustrador1 aMéndez, Consuelo eautora1 aÁvila, Astrideautora1 aAngarita Bernal, Juan Pabloeautor1 aPerilla, José eautor1 aConto, Juan Pabloeautor1 aSupelano, Gabriela eautora1 aÁlvarez, Santiagoeautor